000 00529nam a2200217Ia 4500
003 OSt
005 20220928142204.0
006 a|||||r|||| 00| 0
007 ta
008 220927b |||||||| |||| 00| 0 eng d
024 _a18621
037 _cTextual
040 _aSDCL
_cSDCL
_beng
041 _2eng
_aeng
082 _aX:89A, L8
100 _aTellier Richard D
_9502880
245 0 _aOperatios management
260 _c1978
942 _hX:89A, L8
_cTEXL
_2CC
999 _c820852
_d820852